000 00470nam a2200181Ia 4500
003 GCL
008 140319s9999 xx 000 0 eng d
040 _aGCL /
_cGCL
082 0 4 _a709
_bG A
100 1 _aGOLDSCHMIDT, DAISY
245 1 0 _aL'ART CHINOIS /
_cGOLDSCHMIDT, DAISY
260 _a[S.N] :
_bLIBRAIRIE GENERAL DE DROIT TE DE JUVISPM ،
_c1931
300 _a209 P
650 0 4 _aART, CANADA
650 0 4 _aARTS
650 0 4 _aHISTORY, ANCIENT
942 _2ddc
_cBK
999 _c12573
_d12573